[Event "Olkhovskiy Memorial rapid"]
[Site "Vinnytsia"]
[Date "2016.04.23"]
[Round "8"]
[White "Polivanov, Anatoliy"]
[Black "Tregubov, Vadim"]
[Result "1-0"]
[WhiteElo "2399"]
[BlackElo "2305"]
[PlyCount "65"]
[EventDate "2016.04.23"]
[EventType "swiss (rapid)"]
[EventRounds "13"]
[EventCountry "UKR"]
[SourceTitle "CBM 172 Extra"]
[Source "ChessBase"]
[SourceDate "2016.06.21"]
[SourceVersion "1"]
[SourceVersionDate "2016.06.21"]
[SourceQuality "1"]

1. e4 c5 2. Nc3 a6 3. Nf3 b5 4. d4 cxd4 5. Nxd4 Bb7 6. Bd3 d6 7. 0-0 Nf6 8. Qe2 e5 9. Nf5 b4 10. Nd5 Nxd5 11. exd5 g6 12. Ne3 Bg7 13. Bd2 a5 14. a3 bxa3 15. Rxa3 0-0 16. Rfa1 f5 17. Rxa5 Nd7 18. Rxa8 Bxa8 19. Ra7 e4 20. Bb5 Ne5 21. Bc3 Qb6 22. Ra6 Qc5 23. Bxe5 Bxe5 24. Qc4 Bd4 25. b4 Qxc4 26. Nxc4 f4 27. Bc6 e3 28. Kf1 Bxc6 29. dxc6 Re8 30. fxe3 fxe3 31. Ke2 Rf8 32. c7 Rf2+ 33. Kd3 1-0

[Event "Olkhovskiy Memorial rapid"]
[Site "Vinnytsia"]
[Date "2016.04.23"]
[Round "11"]
[White "Tregubov, Vadim"]
[Black "Omelja, Artem"]
[Result "1-0"]
[WhiteElo "2305"]
[BlackElo "2320"]
[PlyCount "114"]
[EventDate "2016.04.23"]
[EventType "swiss (rapid)"]
[EventRounds "13"]
[EventCountry "UKR"]
[SourceTitle "CBM 172 Extra"]
[Source "ChessBase"]
[SourceDate "2016.06.21"]
[SourceVersion "1"]
[SourceVersionDate "2016.06.21"]
[SourceQuality "1"]

1. e4 e6 2. d4 d5 3. Nc3 Bb4 4. e5 c5 5. Bd2 Ne7 6. Nb5 Bxd2+ 7. Qxd2 0-0 8. f4 Bd7 9. Nd6 cxd4 10. Nf3 Nbc6 11. 0-0-0 f6 12. exf6 Rxf6 13. Nb5 Be8 14. Nbxd4 Bh5 15. Re1 Bxf3 16. Nxf3 Qd6 17. g3 Nf5 18. Bh3 d4 19. Bxf5 exf5 20. Kb1 Re6 21. Rxe6 Qxe6 22. Re1 Qd5 23. Qe2 h6 24. Qe6+ Qxe6 25. Rxe6 Kf7 26. Re1 Rd8 27. Ne5+ Nxe5 28. Rxe5 Kf6 29. Kc1 d3 30. c3 d2+ 31. Kd1 g5 32. Re2 gxf4 33. gxf4 Rd3 34. Rxd2 Rf3 35. Rd6+ Ke7 36. Rxh6 Rxf4 37. Ke2 Re4+ 38. Kf3 b5 39. Rh7+ Kf6 40. Rxa7 Rh4 41. Kg3 Rg4+ 42. Kf3 Rh4 43. Rb7 Rxh2 44. Rxb5 Kg5 45. a4 Rh3+ 46. Kg2 Rd3 47. a5 Kg4 48. a6 f4 49. a7 Rd2+ 50. Kf1 Rd1+ 51. Kf2 Ra1 52. Rb7 f3 53. Rb4+ Kf5 54. Kxf3 Rxa7 55. Ke3 Rd7 56. Rd4 Rb7 57. b4 Ke5 1-0

[Event "Olkhovskiy Memorial rapid"]
[Site "Vinnytsia"]
[Date "2016.04.23"]
[Round "9"]
[White "Tregubov, Vadim"]
[Black "Shafir, Myhaylo"]
[Result "1-0"]
[WhiteElo "2305"]
[BlackElo "1997"]
[PlyCount "47"]
[EventDate "2016.04.23"]
[EventType "swiss (rapid)"]
[EventRounds "13"]
[EventCountry "UKR"]
[SourceTitle "CBM 172 Extra"]
[Source "ChessBase"]
[SourceDate "2016.06.21"]
[SourceVersion "1"]
[SourceVersionDate "2016.06.21"]
[SourceQuality "1"]

1. e4 c6 2. d4 d5 3. f3 e6 4. Be3 Nf6 5. Nc3 Bb4 6. e5 Nfd7 7. f4 0-0 8. Nf3 c5 9. a3 Bxc3+ 10. bxc3 Nc6 11. Bd3 f5 12. exf6 Rxf6 13. 0-0 b6 14. f5 cxd4 15. cxd4 Qe8 16. Bg5 Rf7 17. fxe6 Qxe6 18. Re1 Qg4 19. h3 Qg3 20. Bh4 Qd6 21. Ng5 Nf6 22. Nxf7 Kxf7 23. Bxf6 gxf6 24. Qh5+ 1-0

[Event "Vinnitsia"]
[Site "Vinnytsia"]
[Date "2016.04.03"]
[Round "9"]
[White "Tregubov, Vadim"]
[Black "Macovei, Andrei"]
[Result "1/2-1/2"]
[WhiteElo "2305"]
[BlackElo "2326"]
[PlyCount "62"]
[EventDate "2016.03.29"]
[EventType "tourn"]
[EventRounds "9"]
[EventCountry "UKR"]
[SourceTitle "CBM 171 Extra"]
[Source "ChessBase"]
[SourceDate "2016.04.26"]
[SourceVersion "1"]
[SourceVersionDate "2016.04.26"]
[SourceQuality "1"]

1. e4 c5 2. Nf3 Nc6 3. d4 cxd4 4. Nxd4 g6 5. Nc3 Bg7 6. Be3 Nf6 7. Nxc6 bxc6 8. e5 Ng8 9. Bd4 Qa5 10. Bc4 Bxe5 11. 0-0 Nh6 12. Re1 Bxd4 13. Qxd4 0-0 14. Bd3 d5 15. Rxe7 Bf5 16. Rae1 Bxd3 17. Qxd3 Nf5 18. R7e5 Qb4 19. b3 Rad8 20. Na4 Nd6 21. c3 Qa3 22. R5e2 Rfe8 23. g3 Re4 24. Rxe4 dxe4 25. Rxe4 Qxa2 26. c4 Qa1+ 27. Kg2 Nxe4 28. Qxd8+ Kg7 29. Qd3 Qe5 30. Qe3 Qf5 31. Qd4+ Nf6 1/2-1/2

[Event "EU-ch rapid"]
[Site "Warsaw"]
[Date "2013.12.15"]
[Round "10"]
[White "Tregubov, Pavel V"]
[Black "Tregubov, Vadim"]
[Result "1/2-1/2"]
[WhiteElo "2625"]
[BlackElo "2371"]
[PlyCount "129"]
[EventDate "2013.12.14"]
[EventType "swiss (rapid)"]
[EventRounds "11"]
[EventCountry "POL"]
[SourceTitle "CBM 157 Extra"]
[Source "ChessBase"]
[SourceDate "2013.12.19"]
[SourceVersion "1"]
[SourceVersionDate "2013.12.19"]
[SourceQuality "1"]

1. d4 Nf6 2. c4 g6 3. g3 d5 4. cxd5 Nxd5 5. Bg2 Bg7 6. e4 Nb6 7. Ne2 0-0 8. 0-0 Na6 9. Nbc3 c5 10. d5 e6 11. Nf4 e5 12. Nd3 Nc4 13. b3 Nd6 14. Be3 b6 15. Rc1 Nb4 16. Nxb4 cxb4 17. Na4 f5 18. f3 Bd7 19. Qd2 Nb5 20. Qxb4 f4 21. Bf2 Nd4 22. Nc3 fxg3 23. Bxg3 Rc8 24. Kh1 h5 25. Qd6 Rxc3 26. Rxc3 Nb5 27. Qxg6 Be8 28. Qe6+ Bf7 29. Qc6 Be8 30. Qc4 Nxc3 31. Qxc3 Qg5 32. Bh3 h4 33. Bf2 Bh5 34. Be3 Qg6 35. Bf5 Rxf5 36. exf5 Qxf5 37. Kg1 Bxf3 38. Rxf3 Qxf3 39. Qd2 h3 40. d6 Qg4+ 41. Kf1 Qf3+ 42. Kg1 Qg4+ 43. Kf1 Qf3+ 44. Bf2 Qg2+ 45. Ke2 Qg4+ 46. Ke1 Qe4+ 47. Kf1 Qg2+ 48. Ke2 Qe4+ 49. Be3 Qg2+ 50. Kd1 Qxd2+ 51. Bxd2 Kf7 52. Ke2 Ke6 53. Bb4 e4 54. Ke3 Be5 55. Kxe4 Bxh2 56. Kf3 Bxd6 57. Be1 h2 58. Kg2 Kd5 59. Bf2 Ke4 60. a4 Kd3 61. a5 bxa5 62. Bxa7 Bc7 63. Bf2 Kc3 64. Be1+ Kxb3 65. Bxa5 1/2-1/2

[Event "EU-ch rapid"]
[Site "Warsaw"]
[Date "2013.12.14"]
[Round "7"]
[White "Jussupow, Artur"]
[Black "Tregubov, Vadim"]
[Result "1/2-1/2"]
[WhiteElo "2583"]
[BlackElo "2371"]
[PlyCount "99"]
[EventDate "2013.12.14"]
[EventType "swiss (rapid)"]
[EventRounds "11"]
[EventCountry "POL"]
[SourceTitle "CBM 157 Extra"]
[Source "ChessBase"]
[SourceDate "2013.12.19"]
[SourceVersion "1"]
[SourceVersionDate "2013.12.19"]
[SourceQuality "1"]

1. d4 Nf6 2. Nf3 g6 3. c4 Bg7 4. Nc3 d5 5. e3 0-0 6. Qb3 dxc4 7. Bxc4 Nc6 8. Bb5 Be6 9. Qa4 Bd7 10. d5 a6 11. Bxc6 bxc6 12. dxc6 Be8 13. e4 Qd6 14. e5 Qe6 15. 0-0 Nd5 16. Qh4 h5 17. Nxd5 Qxd5 18. Bg5 f6 19. exf6 exf6 20. Be3 Bxc6 21. Rac1 Bb5 22. Rfd1 Qxa2 23. Nd4 Be8 24. Rxc7 Bf7 25. Nc6 Kh8 26. g4 Rac8 27. gxh5 gxh5 28. Rxc8 Rxc8 29. Nd8 Bg6 30. Qd4 Rc4 31. Qd5 Rg4+ 32. Kf1 Qxb2 33. h3 Re4 34. Ne6 Qb5+ 35. Qxb5 axb5 36. Rd8+ Kh7 37. Nd4 b4 38. Rd7 f5 39. Nc6 b3 40. Bd4 Rxd4 41. Nxd4 b2 42. Rb7 f4 43. Rxb2 Bxd4 44. Rb4 Be5 45. Kg2 Kg7 46. Rb6 Be4+ 47. f3 Bf5 48. Ra6 Bf6 49. Ra5 Kg6 50. Rb5 1/2-1/2

[Event "EU-ch rapid"]
[Site "Warsaw"]
[Date "2013.12.14"]
[Round "4"]
[White "Tregubov, Vadim"]
[Black "Dubov, Daniil"]
[Result "0-1"]
[WhiteElo "2371"]
[BlackElo "2629"]
[PlyCount "142"]
[EventDate "2013.12.14"]
[EventType "swiss (rapid)"]
[EventRounds "11"]
[EventCountry "POL"]
[SourceTitle "CBM 157 Extra"]
[Source "ChessBase"]
[SourceDate "2013.12.19"]
[SourceVersion "1"]
[SourceVersionDate "2013.12.19"]
[SourceQuality "1"]

1. e4 c5 2. Nf3 e6 3. d4 cxd4 4. Nxd4 Nc6 5. Nc3 a6 6. Be2 Qc7 7. f4 b5 8. Nxc6 dxc6 9. Be3 Bb7 10. 0-0 Rd8 11. Qe1 c5 12. Bf3 Nf6 13. e5 Bxf3 14. Rxf3 Nd5 15. Nxd5 Rxd5 16. c4 bxc4 17. Qc3 Be7 18. Qxc4 Qb7 19. b3 0-0 20. Rc1 Rfd8 21. h3 h5 22. Kh2 h4 23. Qe4 Qb5 24. Rc4 g6 25. Qc2 Rd1 26. Bxc5 Bxc5 27. Rxc5 Qb4 28. Rc8 Qd4 29. Rxd8+ Qxd8 30. Qe2 a5 31. Rc3 Kg7 32. Rc2 Qd4 33. Qf2 Qd8 34. Re2 Rd4 35. Re1 Rd3 36. Re4 Qd5 37. Re3 Rd2 38. Re2 Rxe2 39. Qxe2 Qd4 40. Qg4 Qf2 41. a3 Qe1 42. b4 a4 43. b5 Qb1 44. f5 Qxb5 45. f6+ Kg8 46. Qd4 Qb3 47. Qxh4 Qxa3 48. Qh6 Qf8 49. Qf4 a3 50. Qa4 Qc5 51. Qe8+ Qf8 52. Qa4 Qb8 53. Kh1 Qb1+ 54. Kh2 Qb8 55. Kh1 Qb1+ 56. Kh2 Qb8 57. Kh1 g5 58. h4 Kh7 59. Qe4+ Kh6 60. Qe3 Qb1+ 61. Kh2 Qf5 62. Qxa3 Qxe5+ 63. g3 Kg6 64. hxg5 Qxg5 65. Qd3+ Qf5 66. Qd8 Qh5+ 67. Kg2 Qd5+ 68. Qxd5 exd5 69. Kf3 Kxf6 70. Kf4 Ke6 71. g4 f6 0-1

[Event "EU-ch blitz"]
[Site "Warsaw"]
[Date "2013.12.13"]
[Round "3.2"]
[White "Tregubov, Vadim"]
[Black "Korobov, Anton"]
[Result "0-1"]
[WhiteElo "2371"]
[BlackElo "2713"]
[PlyCount "72"]
[EventDate "2013.12.13"]
[EventType "swiss (blitz)"]
[EventRounds "11"]
[EventCountry "POL"]
[SourceTitle "CBM 157 Extra"]
[Source "ChessBase"]
[SourceDate "2013.12.19"]
[SourceVersion "1"]
[SourceVersionDate "2013.12.19"]
[SourceQuality "1"]

1. e4 c5 2. Nf3 d6 3. d4 cxd4 4. Nxd4 Nf6 5. Nc3 a6 6. Bg5 Nbd7 7. Qe2 h6 8. Bh4 g6 9. 0-0-0 e5 10. Nb3 Qc7 11. Bg3 h5 12. h4 b5 13. Kb1 Bh6 14. Nd5 Nxd5 15. Rxd5 Bb7 16. Rd1 a5 17. f3 a4 18. Nc1 a3 19. Nb3 axb2 20. Qxb5 0-0 21. Qc4 Qb6 22. Qb5 Qa7 23. a4 Nc5 24. Nxc5 dxc5 25. Bc4 Qxa4 26. Qxa4 Rxa4 27. Bb3 Rb4 28. Bxe5 c4 29. Bd6 Rb6 30. Bxc4 Ra8 31. Bb3 Bg7 32. e5 Rxd6 33. Rxd6 Bxe5 34. Bxf7+ Kxf7 35. Rd7+ Ke6 36. Rxb7 Ra1# 0-1

[Event "Mukachevo Summer op"]
[Site "Mukachevo"]
[Date "2012.06.29"]
[Round "6"]
[White "Tregubov, Vadim"]
[Black "Vusatiuk, Vladimir"]
[Result "1/2-1/2"]
[WhiteElo "2374"]
[BlackElo "2301"]
[PlyCount "55"]
[EventDate "2012.06.26"]
[EventType "swiss"]
[EventRounds "9"]
[EventCountry "UKR"]
[SourceTitle "CBM 149 Extra"]
[Source "ChessBase"]
[SourceDate "2012.08.24"]
[SourceVersion "1"]
[SourceVersionDate "2012.08.24"]
[SourceQuality "1"]

1. e4 e6 2. d4 d5 3. Nc3 Nf6 4. Bg5 dxe4 5. Nxe4 Nbd7 6. Nf3 h6 7. Nxf6+ Nxf6 8. Bh4 c5 9. dxc5 Qa5+ 10. Qd2 Qxd2+ 11. Nxd2 Bxc5 12. 0-0-0 Bd7 13. Bxf6 gxf6 14. Ne4 Be7 15. Nd6+ Bxd6 16. Rxd6 Ke7 17. Rd4 Bc6 18. Rg1 Rad8 19. Rxd8 Rxd8 20. Bd3 Rd4 21. g3 f5 22. Re1 Be4 23. Bxe4 fxe4 24. c3 Ra4 25. Kc2 f5 26. Kb3 Ra6 27. Rd1 h5 28. Rd2 1/2-1/2

[Event "Krakow op-A 22nd"]
[Site "Krakow"]
[Date "2012.01.03"]
[Round "8"]
[White "Marie, Maxime"]
[Black "Tregubov, Vadim"]
[Result "0-1"]
[WhiteElo "2202"]
[BlackElo "2397"]
[PlyCount "44"]
[EventDate "2011.12.27"]
[EventType "swiss"]
[EventRounds "9"]
[EventCountry "POL"]
[SourceTitle "CBM 146 Extra"]
[Source "ChessBase"]
[SourceDate "2012.02.29"]
[SourceVersion "1"]
[SourceVersionDate "2012.02.29"]
[SourceQuality "1"]

1. e4 c5 2. Nf3 d6 3. d4 cxd4 4. Nxd4 Nf6 5. Nc3 a6 6. Bg5 e6 7. f4 Be7 8. Qf3 Qc7 9. 0-0-0 h6 10. Bh4 Nbd7 11. Be2 g5 12. fxg5 Ne5 13. Qg3 Rg8 14. Kb1 hxg5 15. Bxg5 Nh7 16. Bxe7 Rxg3 17. hxg3 Qxe7 18. Rxh7 Qf8 19. Rdh1 Kd7 20. Nxe6 Kxe6 21. Nd5 Rb8 22. Rh8 Qg7 0-1

[Event "Krakow op-A 22nd"]
[Site "Krakow"]
[Date "2011.12.28"]
[Round "2"]
[White "Nowicki, Bartosz"]
[Black "Tregubov, Vadim"]
[Result "1-0"]
[WhiteElo "2133"]
[BlackElo "2397"]
[PlyCount "83"]
[EventDate "2011.12.27"]
[EventType "swiss"]
[EventRounds "9"]
[EventCountry "POL"]
[SourceTitle "CBM 146 Extra"]
[Source "ChessBase"]
[SourceDate "2012.02.29"]
[SourceVersion "1"]
[SourceVersionDate "2012.02.29"]
[SourceQuality "1"]

1. e4 g6 2. d4 Bg7 3. Nc3 d6 4. f4 a6 5. Nf3 b5 6. Bd3 Nd7 7. e5 Nh6 8. 0-0 0-0 9. Ne4 Bb7 10. Qe1 Nf5 11. g4 Nxd4 12. Nxd4 c5 13. Ng5 cxd4 14. e6 Nc5 15. Qh4 h6 16. Nxf7 Rxf7 17. exf7+ Kxf7 18. f5 g5 19. Qh5+ Kg8 20. h4 Nxd3 21. cxd3 Rc8 22. Rf2 Qa5 23. Bd2 b4 24. hxg5 hxg5 25. Bxg5 Qe5 26. Bf4 Qd5 27. Re1 Qf7 28. Qxf7+ Kxf7 29. Rc1 Rg8 30. g5 Bc8 31. Bd2 Be5 32. Rc7 d5 33. Rc5 Bg3 34. Rf3 Bd6 35. Rc1 a5 36. Kg2 a4 37. Rh1 b3 38. axb3 axb3 39. Rh7+ Ke8 40. Kf2 Rf8 41. g6 Be5 42. Bg5 1-0

[Event "EU-ch blitz"]
[Site "Warsaw"]
[Date "2011.12.16"]
[Round "8"]
[White "Socko, Bartosz"]
[Black "Tregubov, Vadim"]
[Result "1-0"]
[WhiteElo "2635"]
[BlackElo "2397"]
[PlyCount "65"]
[EventDate "2011.12.16"]
[EventType "swiss (blitz)"]
[EventRounds "13"]
[EventCountry "POL"]
[SourceTitle "CBM 145 Extra"]
[Source "ChessBase"]
[SourceDate "2012.01.03"]
[SourceVersion "1"]
[SourceVersionDate "2012.01.03"]
[SourceQuality "1"]

1. e4 g6 2. d4 Bg7 3. Nc3 d6 4. Be3 a6 5. a4 Nc6 6. Nge2 Nf6 7. h3 e6 8. g4 b6 9. Bg2 Bb7 10. 0-0 Na5 11. b3 Qe7 12. Qd2 0-0-0 13. Ng3 h5 14. g5 Nd7 15. h4 c5 16. Nge2 Kb8 17. Rfd1 Nc6 18. Rac1 Ka8 19. d5 Nb4 20. dxe6 Qxe6 21. Qxd6 Ne5 22. Qxe6 fxe6 23. Nf4 Bc8 24. a5 Ng4 25. Na4 Nxe3 26. Nxb6+ Ka7 27. fxe3 Be5 28. Nxg6 Bb2 29. Nxh8 Rxh8 30. Rb1 Bc3 31. e5 Nd5 32. Nxd5 exd5 33. Rxd5 1-0

[Event "EU-ch blitz"]
[Site "Warsaw"]
[Date "2011.12.16"]
[Round "8"]
[White "Tregubov, Vadim"]
[Black "Socko, Bartosz"]
[Result "0-1"]
[WhiteElo "2397"]
[BlackElo "2635"]
[PlyCount "72"]
[EventDate "2011.12.16"]
[EventType "swiss (blitz)"]
[EventRounds "13"]
[EventCountry "POL"]
[SourceTitle "CBM 145 Extra"]
[Source "ChessBase"]
[SourceDate "2012.01.03"]
[SourceVersion "1"]
[SourceVersionDate "2012.01.03"]
[SourceQuality "1"]

1. e4 e6 2. d4 d5 3. Nc3 Bb4 4. e5 Ne7 5. Bd2 b6 6. a3 Bxc3 7. Bxc3 Ba6 8. Ne2 c5 9. f4 Nbc6 10. Qd2 Nf5 11. Ng3 Nxg3 12. hxg3 Bxf1 13. Rxf1 g6 14. 0-0-0 h5 15. Qe2 Qc7 16. g4 hxg4 17. Qxg4 0-0-0 18. Qe2 Kb7 19. g4 Rh4 20. Be1 Rh3 21. dxc5 bxc5 22. f5 gxf5 23. gxf5 Nd4 24. Qg2 Rdh8 25. fxe6 fxe6 26. Bf2 Qxe5 27. Bxd4 cxd4 28. Rfe1 Re3 29. Qd2 Rc8 30. Kb1 Qe4 31. Rf1 Re2 32. Qb4+ Ka8 33. Rxd4 Qxc2+ 34. Ka2 Rb8 35. Rf8 Qxb2+ 36. Qxb2 Rexb2+ 0-1

[Event "Lvov Vasylyshyn Memorial GM 8th"]
[Site "Lvov"]
[Date "2011.12.04"]
[Round "6"]
[White "Vovk, Yuri"]
[Black "Tregubov, Vadim"]
[Result "1-0"]
[WhiteElo "2571"]
[BlackElo "2397"]
[PlyCount "71"]
[EventDate "2011.11.29"]
[EventType "tourn"]
[EventRounds "9"]
[EventCountry "UKR"]
[EventCategory "9"]
[SourceTitle "CBM 145 Extra"]
[Source "ChessBase"]
[SourceDate "2012.01.03"]
[SourceVersion "1"]
[SourceVersionDate "2012.01.03"]
[SourceQuality "1"]

1. d4 Nf6 2. c4 g6 3. Nc3 d5 4. Bg5 Bg7 5. Bxf6 Bxf6 6. cxd5 c6 7. e4 cxd5 8. Bb5+ Bd7 9. Bxd7+ Qxd7 10. exd5 0-0 11. Nf3 Na6 12. Qb3 Rab8 13. 0-0 Rfd8 14. Rfe1 Nc7 15. Ne5 Qd6 16. Nc4 Qd7 17. d6 exd6 18. Ne4 Be7 19. Ncxd6 Qe6 20. Nc4 Rxd4 21. Ned2 Qf6 22. Nf3 Rdd8 23. Nce5 Bf8 24. Ng5 Bc5 25. Nexf7 Rd5 26. Nh6+ Kg7 27. Ne4 Qf4 28. g3 Qxh6 29. Qc3+ Kf7 30. Nxc5 Qd2 31. Qb3 Qd4 32. Na6 bxa6 33. Qxb8 Ne6 34. Qb7+ Kf6 35. Qxa6 Rd6 36. Qe2 1-0

[Event "Lvov Vasylyshyn Memorial GM 8th"]
[Site "Lvov"]
[Date "2011.12.01"]
[Round "3"]
[White "Baghdasaryan, Vahe"]
[Black "Tregubov, Vadim"]
[Result "0-1"]
[WhiteElo "2362"]
[BlackElo "2397"]
[PlyCount "80"]
[EventDate "2011.11.29"]
[EventType "tourn"]
[EventRounds "9"]
[EventCountry "UKR"]
[EventCategory "9"]
[SourceTitle "CBM 145 Extra"]
[Source "ChessBase"]
[SourceDate "2012.01.03"]
[SourceVersion "1"]
[SourceVersionDate "2012.01.03"]
[SourceQuality "1"]

1. e4 g6 2. d4 Bg7 3. Nc3 d6 4. Be3 a6 5. Qd2 b5 6. h4 h5 7. Nf3 Nd7 8. Ng5 Bb7 9. 0-0-0 Nb6 10. f4 Nh6 11. d5 b4 12. Nb1 c5 13. dxc6 Bxc6 14. Qxb4 Na4 15. Bd4 Bxd4 16. Qxd4 0-0 17. b3 Nc5 18. Bc4 Bb5 19. Bd5 Rc8 20. f5 gxf5 21. exf5 Nxf5 22. Qf4 e6 23. Rh3 Qf6 24. Rg3 Qg6 25. Rc3 exd5 26. Rxd5 Bd7 27. Nf3 Be6 28. Nd4 Nxd4 29. Rxd4 Kh7 30. Rxd6 Ne4 31. Rxc8 Rxc8 32. Rxa6 Nc5 33. Rd6 Nd3+ 34. Rxd3 Qxd3 35. Na3 Bf5 36. Qf2 Bg6 37. Nc4 Qc3 38. g4 Re8 39. Kd1 Kg8 40. gxh5 Bxh5+ 0-1

[Event "Yuzhny op"]
[Site "Yuzhny"]
[Date "2011.09.07"]
[Round "8"]
[White "Arkhipov, Vladimir"]
[Black "Tregubov, Vadim"]
[Result "0-1"]
[WhiteElo "2146"]
[BlackElo "2390"]
[PlyCount "146"]
[EventDate "2011.09.03"]
[EventType "swiss"]
[EventRounds "9"]
[EventCountry "UKR"]
[SourceTitle "CBM 144 Extra"]
[Source "ChessBase"]
[SourceDate "2011.10.28"]
[SourceVersion "1"]
[SourceVersionDate "2011.10.28"]
[SourceQuality "1"]

1. d4 Nf6 2. c4 g6 3. Nc3 Bg7 4. g3 0-0 5. Bg2 d6 6. e3 e5 7. Nge2 Qe7 8. b3 Re8 9. 0-0 c6 10. Ba3 e4 11. Rc1 Bf5 12. h3 h5 13. Kh2 Nbd7 14. Nf4 Nf8 15. b4 Ne6 16. Nxe6 Qxe6 17. d5 cxd5 18. Nxd5 Nxd5 19. Qxd5 Qxd5 20. cxd5 Rac8 21. Rxc8 Rxc8 22. Rc1 Rxc1 23. Bxc1 Bc3 24. b5 Kf8 25. Ba3 Ke7 26. Kg1 Kd7 27. Kf1 Kc7 28. g4 hxg4 29. hxg4 Bd7 30. b6+ axb6 31. Bxe4 Bb5+ 32. Kg2 Bc4 33. Bb1 Bxd5+ 34. Kg3 b5 35. e4 Bc4 36. f4 Bd2 37. Kf3 g5 38. fxg5 Bxg5 39. Bb4 Kd7 40. a3 Bc1 41. Bc2 Ke6 42. Bb1 Bb2 43. Kf4 Bd4 44. Bc2 Be5+ 45. Kg5 Bg3 46. Bc3 Bh2 47. Bd2 Be5 48. Kh6 Bd4 49. g5 Bc5 50. Bc1 b4 51. axb4 Bxb4 52. g6 fxg6 53. Kxg6 Bc3 54. Kg5 b5 55. Bb1 b4 56. Kf4 Kd7 57. Kf5 Be6+ 58. Kf4 Kc6 59. Kf3 Bc4 60. Bf4 Kc5 61. Ke3 Bb5 62. Bc2 Be5 63. Bg5 Bc6 64. Kd3 Bb5+ 65. Kd2 Bf1 66. Bb3 Bc4 67. Bc2 Ba2 68. Kc1 b3 69. Bb1 Kc4 70. Be7 Bc3 71. Bxd6 b2+ 72. Kd1 Bxb1 73. Ba3 Bxe4 0-1

[Event "Geller Memorial op-A 7th"]
[Site "Odessa"]
[Date "2011.08.27"]
[Round "8"]
[White "Tregubov, Andrei"]
[Black "Tregubov, Vadim"]
[Result "1-0"]
[WhiteElo "2372"]
[BlackElo "2330"]
[PlyCount "78"]
[EventDate "2011.08.20"]
[EventType "swiss"]
[EventRounds "9"]
[EventCountry "UKR"]
[SourceTitle "EXT 2014"]
[Source "ChessBase"]
[SourceDate "2013.11.20"]
[SourceVersion "1"]
[SourceVersionDate "2013.11.20"]
[SourceQuality "1"]

1. d4 Nf6 2. Nf3 g6 3. e3 Bg7 4. b4 0-0 5. Bb2 d6 6. Be2 Nfd7 7. 0-0 a5 8. b5 e5 9. c3 Nb6 10. a4 Be6 11. Na3 f5 12. c4 N8d7 13. c5 dxc5 14. dxe5 g5 15. Qc2 g4 16. Nd2 Nxe5 17. Nac4 Nbxc4 18. Nxc4 Bxc4 19. Bxc4+ Kh8 20. Rad1 Qe7 21. Bxe5 Bxe5 22. g3 Rf6 23. Bd5 c6 24. bxc6 bxc6 25. Ba2 h5 26. Rd3 h4 27. Rfd1 Bd6 28. Qc3 Kh7 29. Qd2 Rd8 30. Qxa5 hxg3 31. fxg3 Bc7 32. Qc3 Rfd6 33. Qxc5 Qe4 34. Rxd6 Rxd6 35. Rf1 Kg6 36. Bb1 Qd5 37. Bxf5+ Kg5 38. Qb4 Qd2 39. Qxg4+ Kh6 1-0

[Event "Mukachevo Summer op"]
[Site "Mukachevo"]
[Date "2011.06.24"]
[Round "6"]
[White "Tregubov, Vadim"]
[Black "Nosenko, Alexander"]
[Result "0-1"]
[WhiteElo "2293"]
[BlackElo "2522"]
[PlyCount "110"]
[EventDate "2011.06.21"]
[EventType "swiss"]
[EventRounds "9"]
[EventCountry "UKR"]
[SourceTitle "CBM 143 Extra"]
[Source "ChessBase"]
[SourceDate "2011.08.29"]
[SourceVersion "1"]
[SourceVersionDate "2011.08.29"]
[SourceQuality "1"]

1. e4 Nf6 2. e5 Nd5 3. Nc3 e6 4. Nf3 d6 5. d4 Be7 6. Ne4 Nb6 7. Bd3 Bd7 8. 0-0 Bc6 9. Qe2 N8d7 10. Rd1 Nf8 11. h4 Qd7 12. b3 f5 13. Neg5 h6 14. Nh3 0-0-0 15. exd6 cxd6 16. c4 Rg8 17. d5 exd5 18. c5 Na8 19. b4 Ba4 20. Nd4 Bxd1 21. Qxd1 Kb8 22. Bxf5 Qe8 23. c6 Bf6 24. cxb7 Nb6 25. Bf4 Kxb7 26. a4 Bxd4 27. Qxd4 Ne6 28. Bxe6 Qxe6 29. a5 Nc4 30. f3 Rc8 31. Rd1 Rc7 32. Bg3 Qe3+ 33. Bf2 Qxd4 34. Rxd4 g5 35. hxg5 hxg5 36. Rxd5 g4 37. fxg4 Rxg4 38. b5 Nxa5 39. Rxd6 Nc4 40. Rf6 Rgg7 41. g3 Rgf7 42. Re6 Rf5 43. g4 Rxb5 44. g5 Rd5 45. g6 Rcd7 46. Nf4 Rf5 47. Re4 Ne5 48. Ne6 Rd1+ 49. Kg2 Rd2 50. Rb4+ Ka6 51. Rf4 Nxg6 52. Nc7+ Kb7 53. Rxf5 Nh4+ 54. Kf1 Nxf5 55. Nb5 a6 0-1

[Event "Mukachevo Summer op"]
[Site "Mukachevo"]
[Date "2011.06.22"]
[Round "2"]
[White "Tregubov, Vadim"]
[Black "Bogdanovich, Stanislav"]
[Result "1-0"]
[WhiteElo "2293"]
[BlackElo "2503"]
[PlyCount "51"]
[EventDate "2011.06.21"]
[EventType "swiss"]
[EventRounds "9"]
[EventCountry "UKR"]
[SourceTitle "CBM 143 Extra"]
[Source "ChessBase"]
[SourceDate "2011.08.29"]
[SourceVersion "1"]
[SourceVersionDate "2011.08.29"]
[SourceQuality "1"]

1. e4 g6 2. d4 Bg7 3. Nc3 c6 4. Be3 d5 5. f3 Nf6 6. h3 b5 7. a3 0-0 8. e5 Nfd7 9. h4 f6 10. f4 Nb6 11. h5 fxe5 12. fxe5 Nc4 13. Bxc4 dxc4 14. hxg6 hxg6 15. Nge2 Na6 16. Nf4 b4 17. Ne4 bxa3 18. Rxa3 Bf5 19. Ng3 Nb4 20. Nxf5 Rxf5 21. Nxg6 Qd7 22. Bh6 Bxh6 23. Rxh6 Kf7 24. Nh4 Qxd4 25. e6+ Kg8 26. Rg3+ 1-0

[Event "EU-ch rapid"]
[Site "Warsaw"]
[Date "2010.12.18"]
[Round "4"]
[White "Gdanski, Jacek"]
[Black "Tregubov, Vadim"]
[Result "0-1"]
[WhiteElo "2542"]
[BlackElo "2247"]
[PlyCount "66"]
[EventDate "2010.12.18"]
[EventType "swiss (rapid)"]
[EventRounds "13"]
[EventCountry "POL"]
[SourceTitle "CBM 139 Extra"]
[Source "ChessBase"]
[SourceDate "2011.01.05"]
[SourceVersion "1"]
[SourceVersionDate "2011.01.05"]
[SourceQuality "1"]

1. e4 c5 2. Nc3 a6 3. g3 b5 4. Bg2 Bb7 5. Nge2 e6 6. 0-0 Nf6 7. d3 d5 8. exd5 Nxd5 9. a4 b4 10. Ne4 Nc6 11. Nf4 Be7 12. Be3 Nxf4 13. Bxf4 0-0 14. Nd2 Ra7 15. Nc4 Nd4 16. Bxb7 Rxb7 17. Be3 b3 18. cxb3 Nxb3 19. Ra3 Na5 20. Qe2 Nxc4 21. dxc4 Qb6 22. Rd3 Qc6 23. b3 Rc8 24. Rfd1 h6 25. Bf4 Bf6 26. Rd6 Qe8 27. R1d3 e5 28. Bxh6 Rc6 29. Qg4 Rxd6 30. Rxd6 Qe7 31. Rxa6 Rxb3 32. Be3 Rb1+ 33. Kg2 Qb7+ 0-1